[Event "OLNW 2122 SK Union Oldenburg - SVG Salz"]
[Site "?"]
[Date "2021.10.10"]
[Round "1.4"]
[White "Meessen, Max"]
[Black "Lau, Siegfried"]
[Result "1-0"]
[WhiteElo "2177"]
[BlackElo "1996"]
[PlyCount "49"]
[EventDate "2021.??.??"]

1. d4 d5 2. c4 e6 3. Nc3 Nf6 4. cxd5 exd5 5. Bg5 Be7 6. e3 c6 7. Bd3 h6 8. Bf4
Nbd7 9. h3 b6 10. Nf3 Bb7 11. O-O O-O 12. Rc1 Rc8 13. Bf5 a5 14. Ne5 b5 15.
Nxd7 Nxd7 16. Qg4 Nf6 17. Qg3 Nh5 18. Qf3 Nxf4 19. Bxc8 Bxc8 20. Qxf4 Bd6 21.
Qf3 f5 22. Nxd5 cxd5 23. Rxc8 Qxc8 24. Qxd5+ Kh8 25. Qxd6 1-0

[Event "OLNW 2122 SK Union Oldenburg - SVG Salz"]
[Site "?"]
[Date "2021.10.10"]
[Round "1.5"]
[White "Koenig, Sebastian"]
[Black "Wagner, Jan"]
[Result "0-1"]
[WhiteElo "2050"]
[BlackElo "2178"]
[PlyCount "74"]
[EventDate "2021.??.??"]

1. d4 d6 2. e4 Nf6 3. Nc3 g6 4. g3 Bg7 5. Bg2 O-O 6. Nge2 c6 7. O-O e5 8. a4 a5
9. h3 Na6 10. Be3 Qe7 11. Qd2 Nb4 12. Rad1 Be6 13. d5 cxd5 14. Nxd5 Nfxd5 15.
exd5 Bf5 16. c3 Na6 17. Bb6 Rfc8 18. Rfe1 Qf8 19. b3 Nc5 20. Bxc5 Rxc5 21. c4
Bd7 22. Kh2 Re8 23. Nc1 Bh6 24. Qc3 b6 25. Nd3 Rcc8 26. Ra1 f5 27. Qc2 g5 28.
f3 Bg7 29. Rad1 h5 30. Nf2 Qf6 31. g4 e4 32. fxe4 fxg4 33. hxg4 hxg4 34. Nh1
Qh6+ 35. Kg1 Be5 36. Re3 Qh2+ 37. Kf1 Rf8+ 0-1

[Event "OLNW 2122 SK Union Oldenburg - SVG Salz"]
[Site "?"]
[Date "2021.10.10"]
[Round "1.6"]
[White "Schuette, Marc"]
[Black "Othmer, Michael"]
[Result "1-0"]
[WhiteElo "2108"]
[BlackElo "1973"]
[PlyCount "77"]
[EventDate "2021.??.??"]

1. e4 g6 2. d4 Bg7 3. Nf3 c6 4. c4 d6 5. Nc3 e5 6. dxe5 dxe5 7. Qxd8+ Kxd8 8.
Bg5+ f6 9. Be3 h5 10. Nh4 g5 11. O-O-O+ Ke8 12. Nf5 Bxf5 13. exf5 Nh6 14. Bd3
Nd7 15. Ne4 Bf8 16. Be2 Ng4 17. Bxg4 hxg4 18. Rxd7 Kxd7 19. Nxf6+ Kc7 20. Nxg4
Rh4 21. f3 e4 22. Bxg5 Rh5 23. Bf4+ Kb6 24. fxe4 Rh4 25. h3 Bc5 26. g3 Rh7 27.
Nf6 Rf7 28. e5 Rd8 29. Re1 Rd4 30. b3 Rd3 31. Kc2 Rf3 32. Rd1 Bb4 33. Rd7 Rf2+
34. Kd3 Rxd7+ 35. Nxd7+ Kc7 36. e6+ Bd6 37. Ke3 Rxa2 38. f6 Bxf4+ 39. gxf4 1-0

[Event "OLNW 2122 SK Union Oldenburg - SVG Salz"]
[Site "?"]
[Date "2021.10.10"]
[Round "1.7"]
[White "Hesse, Juergen"]
[Black "Peters, Tom"]
[Result "1-0"]
[WhiteElo "1869"]
[BlackElo "2066"]
[PlyCount "79"]
[EventDate "2021.??.??"]

1. e4 c5 2. Nc3 e6 3. f4 a6 4. Nf3 Nc6 5. d4 cxd4 6. Nxd4 Bb4 7. Nxc6 bxc6 8.
Qd4 Be7 9. Qxg7 Bf6 10. Qg4 d5 11. e5 h5 12. Qf3 Be7 13. Bd3 Qb6 14. Nd1 Bb7
15. f5 f6 16. fxe6 O-O-O 17. Qg3 h4 18. Qg7 Rh5 19. exf6 Re5+ 20. Kf1 Bxf6 21.
Qg4 Be7 22. Bf4 Rf8 23. g3 Nh6 24. Qg7 Rxe6 25. Kg2 c5 26. Rf1 d4+ 27. Kh3 Rg8
28. Qh7 Qc6 29. Rf2 hxg3 30. Bxg3 Bd6 31. Bf5 Bxg3 32. Qxh6 Kb8 33. Qxe6 Rh8+
34. Kxg3 Qc7+ 35. Rf4 Bc8 36. Qf6 Rg8+ 37. Kf3 Bb7+ 38. Be4 Bxe4+ 39. Rxe4 Qxh2
40. Qf4+ 1-0

[Event "OLNW 2122 SF Hannover - SVG Salzgitter"]
[Site "?"]
[Date "2021.10.24"]
[Round "2.1"]
[White "Riemay, David"]
[Black "Pubantz, Jan"]
[Result "0-1"]
[WhiteElo "2173"]
[BlackElo "2274"]
[PlyCount "166"]
[EventDate "2021.??.??"]

1. d4 d5 2. e3 Nf6 3. Bd3 c5 4. c3 Nc6 5. f4 g6 6. Nf3 Bf5 7. Bxf5 gxf5 8. O-O
e6 9. Nbd2 Qc7 10. Ne5 O-O-O 11. Qa4 Ng4 12. Nxc6 Qxc6 13. Qxa7 Nxe3 14. Rf2
cxd4 15. Nb3 Nc4 16. Nxd4 Qa6 17. Qxa6 bxa6 18. b3 Nd6 19. Rc2 Kb7 20. Be3 Rc8
21. c4 dxc4 22. bxc4 Nxc4 23. Rb1+ Ka8 24. Rbc1 Ba3 25. Rxc4 Bxc1 26. Rxc1
Rxc1+ 27. Bxc1 Rc8 28. Bb2 Rb8 29. Bc3 Rc8 30. Ne2 Rc4 31. Be5 Rc2 32. Nc3 Kb7
33. Kf1 Kc6 34. Bd4 Rd2 35. Bf2 Rc2 36. Bd4 Rd2 37. Bf2 Rd3 38. Be1 Kc5 39. Ke2
Kc4 40. Nb1 Rd4 41. Na3+ Kd5 42. Nc2 Rxf4 43. Nb4+ Kc4 44. Nxa6 Kb5 45. Nc7+
Kc6 46. Ne8 Ra4 47. Nf6 h6 48. Ng8 Rxa2+ 49. Kf1 Ra8 50. Nxh6 f6 51. h3 Kd5 52.
Ke2 Ke4 53. Bd2 e5 54. Nf7 f4 55. Nd6+ Kd5 56. Nb5 Rb8 57. Nc7+ Ke4 58. Na6 Rg8
59. Kf2 Kd3 60. Be1 e4 61. Nc5+ Kd4 62. Ne6+ Ke5 63. Nc5 Kd5 64. Nd7 Ke6 65.
Nc5+ Kf5 66. h4 Rc8 67. Bb4 Rg8 68. h5 Rh8 69. Bc3 Rxh5 70. g4+ fxg3+ 71. Kxg3
Rg5+ 72. Kf2 Rg4 73. Ke3 Rg3+ 74. Kd4 Rg4 75. Ke3 Rg3+ 76. Kd4 e3 77. Be1 Rh3
78. Ne4 Rf3 79. Ng3+ Kg4 80. Ne4 f5 81. Nf6+ Kg5 82. Nd5 Rf1 83. Ba5 e2 0-1

[Event "OLNW 2122 SF Hannover - SVG Salzgitter"]
[Site "?"]
[Date "2021.10.24"]
[Round "2.2"]
[White "von Mettenheim, Johannes"]
[Black "Cevik, Dietmar"]
[Result "1-0"]
[WhiteElo "2062"]
[BlackElo "2220"]
[PlyCount "77"]
[EventDate "2021.??.??"]

1. d4 Nf6 2. c4 d6 3. Nc3 Nbd7 4. Nf3 e5 5. Bg5 c6 6. e3 Be7 7. Bd3 h6 8. Bh4
O-O 9. Qc2 Re8 10. O-O Qc7 11. Bg3 Bf8 12. c5 exd4 13. exd4 Qd8 14. Bc4 b5 15.
cxb6 Nxb6 16. Bb3 Bg4 17. Nh4 Be6 18. Nf5 Bxb3 19. Qxb3 Nbd5 20. Bh4 Rb8 21.
Nxd5 Rxb3 22. Nxf6+ gxf6 23. axb3 Qd7 24. g4 h5 25. h3 hxg4 26. hxg4 Re4 27. f3
Re2 28. Rf2 Rxf2 29. Bxf2 d5 30. Kg2 Qb7 31. Be3 Bb4 32. Bh6 Qb8 33. Bg7 Qf4
34. Bxf6 Bd6 35. Re1 Qh2+ 36. Kf1 Kh7 37. Re8 Qh1+ 38. Kf2 Qh2+ 39. Kf1 1-0

[Event "OLNW 2122 SF Hannover - SVG Salzgitter"]
[Site "?"]
[Date "2021.10.24"]
[Round "2.3"]
[White "Lau, Udo"]
[Black "Ackermann, Dennie"]
[Result "1/2-1/2"]
[WhiteElo "2151"]
[BlackElo "2116"]
[PlyCount "80"]
[EventDate "2021.??.??"]

1. d4 d5 2. Nf3 e6 3. g3 b5 4. Bg2 Nd7 5. O-O Nb6 6. Qd3 a6 7. e4 dxe4 8. Qxe4
Nf6 9. Qe2 Bb7 10. Rd1 Be7 11. Nbd2 O-O 12. Nf1 Nfd5 13. Ne3 c5 14. Nxd5 Nxd5
15. dxc5 Bxc5 16. Bd2 Qb6 17. Be1 Rac8 18. c3 Rfd8 19. a4 b4 20. c4 Nf6 21.
Rxd8+ Rxd8 22. Rd1 Bc6 23. b3 Kf8 24. Ne5 Bxg2 25. Kxg2 a5 26. Qf3 Rxd1 27.
Qxd1 Qb7+ 28. Qf3 Qxf3+ 29. Kxf3 Ke7 30. Bd2 Nd7 31. Nxd7 Kxd7 32. Ke2 Kc6 33.
f3 Bd6 34. Be3 Be7 35. Kd3 Bd6 36. Bd4 Bf8 37. g4 Kc7 38. h3 Kc6 39. Ke4 Kc7
40. f4 Kc6 1/2-1/2

[Event "OLNW 2122 SF Hannover - SVG Salzgitter"]
[Site "?"]
[Date "2021.10.24"]
[Round "2.4"]
[White "Herrmann, Andreas"]
[Black "Nielsen, Lars"]
[Result "1-0"]
[WhiteElo "2117"]
[BlackElo "2069"]
[PlyCount "93"]
[EventDate "2021.??.??"]

1. d4 d5 2. Nf3 c6 3. c3 Bf5 4. Bf4 e6 5. Qb3 Qb6 6. Nh4 Qxb3 7. axb3 Bxb1 8.
Rxb1 f6 9. Nf3 g5 10. Bg3 h5 11. h3 Kd7 12. e3 Bd6 13. Bxd6 Kxd6 14. b4 Nd7 15.
Ra1 Ne7 16. Be2 a6 17. Nd2 e5 18. Nb3 e4 19. Kd2 f5 20. f3 f4 21. fxe4 dxe4 22.
Rhf1 Raf8 23. h4 fxe3+ 24. Kxe3 Nf5+ 25. Kd2 Nxh4 26. Ra5 Rxf1 27. Bxf1 Rf8 28.
Be2 b5 29. Rxa6 Nxg2 30. Nc5 e3+ 31. Kd1 Nxc5 32. bxc5+ Kd5 33. Ra7 g4 34. Re7
Rf5 35. Bd3 Rg5 36. Be4+ Kc4 37. Bxg2 Kb3 38. Rxe3 h4 39. Kc1 h3 40. Bxc6 g3
41. Bd5+ Ka4 42. Kc2 Rxd5 43. Rxg3 Rh5 44. Rg1 b4 45. c4 b3+ 46. Kc3 h2 47.
Ra1# 1-0

[Event "OLNW 2122 SF Hannover - SVG Salzgitter"]
[Site "?"]
[Date "2021.10.24"]
[Round "2.5"]
[White "Lau, Siegfried"]
[Black "Ploog, Martin"]
[Result "0-1"]
[WhiteElo "1996"]
[BlackElo "2042"]
[PlyCount "102"]
[EventDate "2021.??.??"]

1. d4 e6 2. c4 d5 3. Nc3 Bb4 4. Nf3 Nf6 5. Bd2 dxc4 6. Qa4+ Nc6 7. e3 Bd7 8.
Qc2 Bxc3 9. Bxc3 b5 10. g3 O-O 11. Bg2 Nd5 12. O-O Rb8 13. Rfd1 Qe7 14. Be1 h6
15. e4 Ndb4 16. Qc3 Nd3 17. d5 exd5 18. exd5 Nce5 19. Nxe5 Nxe5 20. Qa5 Bg4 21.
Bb4 Qf6 22. Bxf8 Bxd1 23. Rxd1 Rxf8 24. Qxc7 Nd3 25. Qxa7 Qxb2 26. Bf1 Qc2 27.
Ra1 Qc3 28. Rb1 b4 29. Qe3 Rd8 30. Bxd3 Qxd3 31. Rxb4 Qd1+ 32. Kg2 Qxd5+ 33.
Qf3 Qc5 34. Rb7 Rf8 35. Qc3 Rc8 36. Rb2 Qc6+ 37. f3 Qc5 38. Rc2 Rd8 39. h4 Rd4
40. a4 Qd5 41. Kh2 f5 42. a5 f4 43. a6 fxg3+ 44. Kxg3 Qd6+ 45. Kh3 Qe6+ 46. Kg3
Qg6+ 47. Kh3 Qe6+ 48. Kg3 Qxa6 49. Rb2 Qd6+ 50. Kg2 Rxh4 51. f4 Qg6+ 0-1

[Event "OLNW 2122 SF Hannover - SVG Salzgitter"]
[Site "?"]
[Date "2021.10.24"]
[Round "2.6"]
[White "Koelle, Arthur"]
[Black "Koenig, Sebastian"]
[Result "1/2-1/2"]
[WhiteElo "2150"]
[BlackElo "2050"]
[PlyCount "81"]
[EventDate "2021.??.??"]

1. d4 Nf6 2. Bf4 g6 3. Nc3 Bg7 4. e4 c5 5. dxc5 O-O 6. Qd2 Qa5 7. Be2 Nc6 8. h4
Qxc5 9. Bh6 Qd4 10. Bxg7 Qxd2+ 11. Kxd2 Kxg7 12. Rd1 d6 13. Kc1 Be6 14. Nh3
Rac8 15. Nf4 Ne5 16. f3 Bc4 17. Rhe1 Rfd8 18. Bxc4 Rxc4 19. Nfd5 Nxd5 20. Nxd5
e6 21. Ne3 Rc6 22. Rd4 h5 23. Red1 Kf8 24. Kd2 Rdc8 25. Ke2 Ke7 26. c3 b5 27.
a4 a6 28. axb5 axb5 29. Ra1 Nc4 30. Nd1 R8c7 31. b3 Ne5 32. Rb4 Rb6 33. Rd4 b4
34. c4 Nd7 35. Rd2 Nc5 36. Rb2 Rbb7 37. Ne3 Ra7 38. Rab1 Ra5 39. Nc2 Rb7 40.
Nd4 Kf6 41. Ke3 1/2-1/2

[Event "OLNW 2122 SF Hannover - SVG Salzgitter"]
[Site "?"]
[Date "2021.10.24"]
[Round "2.7"]
[White "Othmer, Michael"]
[Black "Spiess, Thomas"]
[Result "1-0"]
[WhiteElo "1973"]
[BlackElo "1997"]
[PlyCount "107"]
[EventDate "2021.??.??"]

1. d4 d5 2. c4 c6 3. Nf3 Nf6 4. g3 dxc4 5. Bg2 b5 6. O-O Nbd7 7. a4 Qb6 8. Qc2
e6 9. Bd2 b4 10. Ne5 Nxe5 11. dxe5 Nd5 12. Qxc4 Ba6 13. Qe4 Bc5 14. Qg4 O-O 15.
Bh6 g6 16. Nd2 Rfc8 17. Ne4 Be7 18. Ng5 Bf8 19. Qh4 Be7 20. e4 Bxf1 21. Bxf1
Qd4 22. exd5 Qxh4 23. gxh4 cxd5 24. Bd3 Rc7 25. Nf3 f6 26. Nd4 fxe5 27. Nxe6
Rc6 28. Ng5 e4 29. Nxe4 dxe4 30. Bxe4 Rac8 31. Bd5+ Kh8 32. Bxc6 Rxc6 33. Re1
Rc7 34. Re6 Kg8 35. Bd2 Kf7 36. Re4 a5 37. Bf4 Rc2 38. b3 Bxh4 39. Be3 Bf6 40.
Bb6 Rc3 41. Bxa5 Rxb3 42. Bxb4 g5 43. Bc5 Rb2 44. Re3 Rc2 45. Bb6 Ra2 46. a5
Kg6 47. Kg2 h5 48. h3 Kf5 49. Re8 g4 50. Ra8 Bh4 51. hxg4+ hxg4 52. a6 g3 53.
a7 gxf2 54. Rf8+ 1-0

[Event "OLNW 2122 SF Hannover - SVG Salzgitter"]
[Site "?"]
[Date "2021.10.24"]
[Round "2.8"]
[White "Schmidt, Benjamin"]
[Black "Hesse, Juergen"]
[Result "1-0"]
[WhiteElo "1881"]
[BlackElo "1869"]
[PlyCount "91"]
[EventDate "2021.??.??"]

1. d4 Nf6 2. c4 g6 3. Nc3 Bg7 4. e4 d6 5. h3 O-O 6. Bg5 h6 7. Be3 c6 8. Nf3
Nbd7 9. Qd2 Kh7 10. g4 Ne8 11. Bd3 e5 12. d5 c5 13. Ng1 a6 14. Nge2 Nc7 15. Ng3
Rb8 16. a4 Rh8 17. h4 Nf8 18. f3 Kg8 19. h5 g5 20. a5 b5 21. axb6 Rxb6 22. Kf2
Bf6 23. Rhb1 Ne8 24. Kf1 Qc7 25. Na2 Rb3 26. Nc1 Rb8 27. b4 Nd7 28. bxc5 dxc5
29. Rxb8 Qxb8 30. Qa5 Be7 31. Nf5 Bf8 32. Qd8 Ndf6 33. Rb1 Qc7 34. Qxc7 Nxc7
35. Rb8 Bxf5 36. exf5 Kg7 37. Rb6 Nd7 38. Rc6 Ne8 39. Rxa6 Nef6 40. Nb3 e4 41.
Bxe4 Nxe4 42. fxe4 Ne5 43. Nxc5 Nxg4 44. Bd4+ f6 45. Ra7+ Kg8 46. Ne6 1-0

[Event "OLNW 2122 SV Hellern - SK Lehrte"]
[Site "?"]
[Date "2021.10.24"]
[Round "2.2"]
[White "Gronde, Ingo"]
[Black "Schirm, Friedmar"]
[Result "1-0"]
[WhiteElo "2233"]
[BlackElo "2270"]
[PlyCount "75"]
[EventDate "2021.??.??"]

1. e4 Nf6 2. e5 Nd5 3. d4 d6 4. c4 Nb6 5. exd6 exd6 6. Nc3 Be7 7. Bd3 Nc6 8.
Nge2 Bf6 9. Be3 O-O 10. b3 Bg4 11. Qd2 Bh5 12. Nf4 Bg6 13. Nxg6 fxg6 14. Be4
Qd7 15. O-O Rae8 16. Rad1 Ne7 17. Bxb7 c6 18. Ba6 Nf5 19. d5 Rxe3 20. fxe3 c5
21. e4 Bd4+ 22. Kh1 Ne3 23. Rxf8+ Kxf8 24. Re1 Qf7 25. Nb5 Qf6 26. Nxd4 cxd4
27. Bb5 Qe5 28. Qf2+ Ke7 29. Qf3 g5 30. g3 h5 31. a4 a5 32. Re2 d3 33. Rxe3
Qa1+ 34. Kg2 d2 35. Rd3 Qe1 36. e5 g4 37. exd6+ Kxd6 38. Qf4+ 1-0

[Event "OLNW 2122 SV Hellern - SK Lehrte"]
[Site "?"]
[Date "2021.10.24"]
[Round "2.3"]
[White "Schruefer, Guenther"]
[Black "Boettcher, Christian"]
[Result "0-1"]
[WhiteElo "2208"]
[BlackElo "2196"]
[PlyCount "98"]
[EventDate "2021.??.??"]

1. e4 c6 2. d4 d5 3. exd5 cxd5 4. Bd3 g6 5. Nf3 Nc6 6. c3 Bf5 7. Bxf5 gxf5 8.
Bf4 Nf6 9. Nbd2 e6 10. Ne5 Bd6 11. Nxc6 bxc6 12. Bxd6 Qxd6 13. Nf3 Ke7 14. Qe2
a5 15. Ne5 Nd7 16. Nxd7 Kxd7 17. O-O Qf4 18. Rad1 Rhg8 19. f3 h5 20. Rf2 h4 21.
c4 Rab8 22. h3 Rb4 23. cxd5 cxd5 24. Qa6 Qc7 25. b3 Rgb8 26. Qd3 Rc8 27. Qe3 f4
28. Qe1 Qc3 29. Qe5 Qe3 30. Qxe3 fxe3 31. Re2 Rc3 32. Rde1 Rxd4 33. Rxe3 Rc2
34. R3e2 Rdd2 35. Rxd2 Rxd2 36. a3 Ra2 37. a4 Rb2 38. Re3 Kd6 39. f4 d4 40. Re5
d3 41. Kf1 Rb1+ 42. Re1 Rxb3 43. Kf2 Rb4 44. g3 Rxa4 45. Rd1 Rd4 46. Ke3 Rd5
47. gxh4 d2 48. Ke4 f5+ 49. Ke3 Ke7 0-1

[Event "OLNW 2122 SV Hellern - SK Lehrte"]
[Site "?"]
[Date "2021.10.24"]
[Round "2.4"]
[White "Lehmann, Holger"]
[Black "Beduerftig, Heinrich"]
[Result "1-0"]
[WhiteElo "2151"]
[BlackElo "2222"]
[PlyCount "77"]
[EventDate "2021.??.??"]

1. c4 e6 2. d4 d5 3. Nc3 Nf6 4. cxd5 exd5 5. Bg5 Nbd7 6. e3 Be7 7. Bd3 O-O 8.
Nge2 c6 9. Ng3 Re8 10. Nf5 Bf8 11. h4 Qa5 12. g4 Ne4 13. Kf1 Nxc3 14. bxc3 Qxc3
15. Kg2 c5 16. Rc1 Qa5 17. Bb1 c4 18. h5 Qb6 19. Qc2 g6 20. hxg6 fxg6 21. Nh6+
Bxh6 22. Rxh6 Nf8 23. f3 Qe6 24. Rch1 b5 25. Qf2 Rb8 26. Qh4 Rb7 27. Bf4 Ree7
28. Qg5 Rf7 29. Be5 Qe7 30. Rxg6+ Nxg6 31. Qxg6+ Kf8 32. Rxh7 Rxh7 33. Bd6 Rf7
34. Qh6+ Ke8 35. Bxe7 Kxe7 36. Qg5+ Kd6 37. Qe5+ Kc6 38. e4 Kb6 39. Qxd5 1-0

[Event "OLNW 2122 SV Hellern - SK Lehrte"]
[Site "?"]
[Date "2021.10.24"]
[Round "2.5"]
[White "Meiwes, Thore"]
[Black "Happe, Reinhold"]
[Result "1-0"]
[WhiteElo "2064"]
[BlackElo "2119"]
[PlyCount "91"]
[EventDate "2021.??.??"]

1. d4 d5 2. Bf4 c5 3. e3 Nf6 4. c3 Nc6 5. Nd2 Qb6 6. Qb3 e6 7. h3 Be7 8. Ngf3
Bd7 9. Be2 O-O 10. O-O Rfc8 11. Rfe1 Na5 12. Qxb6 axb6 13. Ne5 Nc6 14. Nxd7
Nxd7 15. Nf3 Bf6 16. a3 Bd8 17. Bd3 Bc7 18. Bxc7 Rxc7 19. Rad1 Nf6 20. Ne5 Nxe5
21. dxe5 Nd7 22. f4 c4 23. Bc2 b5 24. e4 Nb6 25. Rd2 Rd8 26. Red1 Rcd7 27. exd5
exd5 28. Kf2 Re7 29. Be4 Red7 30. Bf3 Na4 31. Bg4 Nc5 32. Bxd7 Ne4+ 33. Ke3
Nxd2 34. Bxb5 Nb3 35. Bxc4 d4+ 36. cxd4 Na5 37. Bd3 Nc6 38. Be4 Na5 39. Rc1 b5
40. Bd3 Nb3 41. Rd1 g6 42. Bxb5 Rc8 43. Bd3 Rb8 44. Bc4 Na5 45. b3 Kg7 46. d5
1-0

[Event "OLNW 2122 SV Hellern - SK Lehrte"]
[Site "?"]
[Date "2021.10.24"]
[Round "2.6"]
[White "Lewin, Tammo"]
[Black "Kohlmann, Arndt"]
[Result "1-0"]
[WhiteElo "2076"]
[BlackElo "2028"]
[PlyCount "53"]
[EventDate "2021.??.??"]

1. d4 Nf6 2. c4 c5 3. d5 e6 4. Nc3 exd5 5. cxd5 d6 6. e4 g6 7. Nf3 Bg7 8. Bg5
O-O 9. Nd2 Re8 10. Be2 Nbd7 11. O-O a6 12. a4 b6 13. Qc2 Qc7 14. h3 Bb7 15.
Rfe1 Rac8 16. Rad1 c4 17. Nxc4 Nc5 18. Bf1 Nxa4 19. Nxa4 b5 20. Nab6 Rb8 21. e5
dxe5 22. d6 Qc6 23. Bxf6 Bxf6 24. Nd5 bxc4 25. Nxf6+ Kg7 26. Nxe8+ Rxe8 27.
Qxc4 1-0

[Event "OLNW 2122 SV Hellern - SK Lehrte"]
[Site "?"]
[Date "2021.10.24"]
[Round "2.7"]
[White "Manusina, Nicole"]
[Black "Hart, Martin"]
[Result "1/2-1/2"]
[WhiteElo "2030"]
[BlackElo "2010"]
[PlyCount "48"]
[EventDate "2021.??.??"]

1. d4 d6 2. c4 Nd7 3. Nc3 e5 4. e4 Ngf6 5. f3 Be7 6. Be3 O-O 7. Qd2 c6 8. Nge2
Re8 9. d5 Nb6 10. Nc1 cxd5 11. Nxd5 Nfxd5 12. cxd5 f5 13. Bb5 Rf8 14. O-O fxe4
15. fxe4 Rxf1+ 16. Bxf1 Bd7 17. Bd3 Rc8 18. b3 Be8 19. Ne2 Bg6 20. Rf1 Qc7 21.
Rc1 Qd7 22. Rxc8+ Nxc8 23. h3 Bd8 24. Kh2 Bb6 {(=)} 1/2-1/2

[Event "OLNW 2122 Hamelner SV - SK Nordhorn Bla"]
[Site "?"]
[Date "2021.10.24"]
[Round "2.1"]
[White "Kroeze, Frank"]
[Black "Tonndorf, Matthias"]
[Result "1-0"]
[WhiteElo "2379"]
[BlackElo "2188"]
[PlyCount "129"]
[EventDate "2021.??.??"]

1. e4 c5 2. Nf3 e6 3. Nc3 a6 4. d4 cxd4 5. Nxd4 Qc7 6. g3 Bb4 7. Bd2 Nf6 8. Bg2
Nc6 9. Nxc6 dxc6 10. O-O Bc5 11. Na4 Ba7 12. c4 O-O 13. c5 e5 14. Qe1 Be6 15.
Ba5 Qe7 16. Qc3 Nd7 17. Rac1 Bxa2 18. Qb4 Rfb8 19. b3 b6 20. cxb6 Qxb4 21. Bxb4
Bxb6 22. Bd6 Rb7 23. Rxc6 Bd4 24. b4 h6 25. Nc3 Be6 26. Nd5 Bxd5 27. exd5 a5
28. bxa5 Rxa5 29. Rc8+ Kh7 30. Rc7 Rxc7 31. Bxc7 Rc5 32. d6 f5 33. Bb7 Nf6 34.
Bc8 Kg6 35. Be6 Rc6 36. Rb1 Rc2 37. Rf1 e4 38. h3 Rd2 39. Ba5 Rd3 40. d7 Nxd7
41. Bxd7 Rxg3+ 42. Kh2 Ra3 43. Bd8 Ra2 44. Kg2 f4 45. Bc7 f3+ 46. Kg3 Rd2 47.
Kf4 Rxf2 48. Bf5+ Kf7 49. Rxf2 Bxf2 50. Bxe4 g5+ 51. Kf5 Bd4 52. Bxf3 Kg7 53.
Bh5 Be3 54. Ke6 Bd4 55. Bd6 Bc3 56. Ke7 Bd4 57. Ke8 Bc3 58. Bf8+ Kh8 59. Kf7
Bd4 60. Bxh6 Bc3 61. Bxg5 Bd4 62. Be7 Kh7 63. Bf8 Bc3 64. Bg4 Bd4 65. h4 1-0

[Event "OLNW 2122 Hamelner SV - SK Nordhorn Bla"]
[Site "?"]
[Date "2021.10.24"]
[Round "2.2"]
[White "Renner, Kai"]
[Black "Bertholee, Rob"]
[Result "1/2-1/2"]
[WhiteElo "2177"]
[BlackElo "2313"]
[PlyCount "80"]
[EventDate "2021.??.??"]

1. e4 e6 2. d4 d5 3. Nd2 a6 4. Bd3 c5 5. dxc5 Bxc5 6. Ngf3 Nf6 7. Qe2 Nc6 8. c3
Qc7 9. O-O O-O 10. e5 Ng4 11. Bxh7+ Kxh7 12. Ng5+ Kg8 13. Qxg4 Qxe5 14. Nb3 Be7
15. f4 Qf6 16. Qh5 Qf5 17. g4 Qg6 18. Qxg6 fxg6 19. Nf3 e5 20. Nxe5 Nxe5 21.
fxe5 Bxg4 22. Rxf8+ Rxf8 23. Nd4 Bh4 24. Be3 Re8 25. Bf4 g5 26. Bg3 Bxg3 27.
hxg3 Rxe5 28. Kf2 Kf7 29. Re1 Kf6 30. Rxe5 Kxe5 31. Ke3 Bd1 32. Kd2 Bh5 33. Ke3
a5 34. b3 Be8 35. a3 Bh5 36. b4 a4 37. Nb5 Bd1 38. Nd4 Bh5 39. Nb5 Be8 40. Nd4
Bh5 1/2-1/2

[Event "OLNW 2122 Hamelner SV - SK Nordhorn Bla"]
[Site "?"]
[Date "2021.10.24"]
[Round "2.3"]
[White "Stotyn, Fabian"]
[Black "van Son, Lutz"]
[Result "0-1"]
[WhiteElo "2193"]
[BlackElo "2156"]
[PlyCount "88"]
[EventDate "2021.??.??"]

1. e4 e6 2. d4 d5 3. Nc3 Bb4 4. Nge2 dxe4 5. a3 Bxc3+ 6. Nxc3 f5 7. Bf4 Nf6 8.
f3 Nd5 9. Be5 O-O 10. Qe2 Nc6 11. fxe4 Nxc3 12. bxc3 Nxe5 13. dxe5 Qe7 14. Qc4
Bd7 15. Bd3 b5 16. Qd4 f4 17. O-O c5 18. Qd6 Qxd6 19. exd6 c4 20. Be2 e5 21.
Rfd1 Bc6 22. Bg4 Rf6 23. Rd2 Rd8 24. d7 Kf7 25. Rad1 Ke7 26. Kf2 g6 27. Rd5
Bxd5 28. Rxd5 Rd6 29. Rxe5+ Kf6 30. Rxb5 h5 31. Bh3 Rd2+ 32. Kf3 g5 33. Bf5
Rxc2 34. Ra5 Rxc3+ 35. Ke2 Rc2+ 36. Kf3 Rb8 37. Ra6+ Ke7 38. e5 Rb3+ 39. Ke4
Re3+ 40. Kd5 Rd2+ 41. Kc6 Rxe5 42. g4 Rd6+ 43. Kc7 Rc5+ 44. Kb7 Rxa6 0-1

[Event "OLNW 2122 Hamelner SV - SK Nordhorn Bla"]
[Site "?"]
[Date "2021.10.24"]
[Round "2.4"]
[White "Koch, Yannick"]
[Black "Oehne, Timo"]
[Result "1-0"]
[WhiteElo "2097"]
[BlackElo "2098"]
[PlyCount "78"]
[EventDate "2021.??.??"]

1. d4 Nf6 2. c4 g6 3. Nc3 Bg7 4. e4 O-O 5. f3 d6 6. Be3 Nbd7 7. Nge2 a6 8. Qd2
Rb8 9. a4 e5 10. d5 Nc5 11. Nc1 b6 12. b4 Nb7 13. Nb3 Nd7 14. Bg5 Qe8 15. h4 f5
16. Be3 fxe4 17. Nxe4 Nf6 18. Bd3 Bd7 19. a5 Ba4 20. Nc1 bxa5 21. bxa5 Nxe4 22.
Bxe4 Nc5 23. Bxc5 dxc5 24. Nd3 Bd7 25. Nxc5 Bc8 26. h5 Qe7 27. Nd3 Bf5 28. Qe2
Bxe4 29. Qxe4 Qg5 30. O-O Qxh5 31. Rab1 Qf5 32. Nc5 Qxe4 33. Nxe4 Rfc8 34. Rfd1
Bf8 35. Kf1 Rb4 36. c5 Rxb1 37. Rxb1 Rd8 38. Rb7 g5 39. Rxc7 Rd7 1-0

[Event "OLNW 2122 Hamelner SV - SK Nordhorn Bla"]
[Site "?"]
[Date "2021.10.24"]
[Round "2.5"]
[White "Schulz, Jens"]
[Black "Schmidt, Dennis"]
[Result "0-1"]
[WhiteElo "2195"]
[BlackElo "2060"]
[PlyCount "84"]
[EventDate "2021.??.??"]

1. d4 Nf6 2. Nf3 g6 3. g3 Bg7 4. Bg2 O-O 5. O-O d6 6. b3 c5 7. Bb2 Nc6 8. c4
Ne4 9. Qd3 Bf5 10. Qe3 h5 11. Rd1 Kh7 12. Nbd2 Bh6 13. Qxe4 Bxe4 14. Nxe4 cxd4
15. Nxd4 Nxd4 16. Bxd4 Qc7 17. Rab1 Bg7 18. Be3 Rad8 19. Ng5+ Kg8 20. Nh3 a6
21. Nf4 e6 22. a4 b6 23. h4 a5 24. Rd3 Rd7 25. Rbd1 Rfd8 26. Bc1 Qc5 27. e4 Kh7
28. Be3 Qc7 29. Ne2 Bf6 30. Nd4 Bxd4 31. Bxd4 e5 32. Be3 f5 33. Rd5 Rf7 34. Bg5
Rdd7 35. f4 b5 36. Rxb5 Qa7+ 37. Kh2 fxe4 38. Bxe4 Qe3 39. Bg2 exf4 40. Bxf4
Rxf4 41. gxf4 Qxf4+ 42. Kg1 Rf7 0-1

[Event "OLNW 2122 Hamelner SV - SK Nordhorn Bla"]
[Site "?"]
[Date "2021.10.24"]
[Round "2.6"]
[White "Jacobi, Felix-Hagen"]
[Black "Bierenbroodspot, Paul"]
[Result "1-0"]
[WhiteElo "2092"]
[BlackElo "2102"]
[PlyCount "109"]
[EventDate "2021.??.??"]

1. e4 e5 2. Nc3 Nf6 3. Bc4 Nc6 4. d3 Bb4 5. Nge2 d5 6. exd5 Nxd5 7. Bd2 Nxc3 8.
Nxc3 O-O 9. O-O Na5 10. Bb3 a6 11. Re1 Nxb3 12. axb3 f6 13. Ne4 Bxd2 14. Qxd2
Bd7 15. Nc5 Bc6 16. Qc3 Qd5 17. Qc4 Rfd8 18. f3 Kf7 19. Kf2 a5 20. Qxd5+ Rxd5
21. b4 b6 22. Ne4 axb4 23. Rxa8 Bxa8 24. Ra1 Bc6 25. Ra7 Rd7 26. Nd2 Ke7 27.
Nc4 Bb5 28. Ne3 g6 29. Ra8 b3 30. c4 Bc6 31. Rh8 Kd6 32. Ke2 Kc5 33. Ng4 Rf7
34. Nh6 Re7 35. Ng4 f5 36. Nf6 e4 37. fxe4 fxe4 38. Rxh7 exd3+ 39. Kxd3 Rxh7
40. Nxh7 Bxg2 41. Kc3 Bf1 42. Nf8 Bxc4 43. Nxg6 b5 44. Ne5 b4+ 45. Kd2 Bb5 46.
h4 Kd4 47. Nf3+ Ke4 48. h5 Kf5 49. Nd4+ Kg5 50. Nxb5 c6 51. Nd6 Kxh5 52. Kd3
Kg6 53. Kc4 Kf6 54. Kxb4 Ke6 55. Kc5 1-0

[Event "OLNW 2122 Hamelner SV - SK Nordhorn Bla"]
[Site "?"]
[Date "2021.10.24"]
[Round "2.7"]
[White "Hoellmann, Ludger"]
[Black "Reichelt, Ole"]
[Result "1/2-1/2"]
[WhiteElo "2115"]
[BlackElo "1917"]
[PlyCount "122"]
[EventDate "2021.??.??"]

1. Nf3 Nf6 2. c4 e6 3. d4 d5 4. g3 b6 5. Bg2 Bb7 6. Ne5 Bd6 7. Nc3 O-O 8. Bg5
c6 9. O-O h6 10. Bxf6 Qxf6 11. f4 Rd8 12. e3 Nd7 13. Qa4 Bxe5 14. fxe5 Qg5 15.
Rae1 f6 16. cxd5 cxd5 17. e4 fxe5 18. exd5 exd5 19. Nxd5 Kh8 20. Rf7 Nc5 21.
dxc5 Bxd5 22. Bxd5 Rxd5 23. cxb6 Qd2 24. Qe4 axb6 25. Rf2 Qd4 26. a3 Rad8 27.
Kg2 b5 28. Qg6 R5d6 29. Qe4 Rd5 30. Rfe2 b4 31. axb4 Rb5 32. Qxd4 exd4 33. Re8+
Rxe8 34. Rxe8+ Kh7 35. Re2 Rxb4 36. Kf3 Kg6 37. Ke4 Kg5 38. Kd5 d3 39. Rd2 Kg4
40. Kc5 Re4 41. b4 Re2 42. Rxd3 Rxh2 43. b5 Rb2 44. b6 Rc2+ 45. Kb4 Rc8 46. Kb5
g5 47. Ka6 Rb8 48. Ka7 Rxb6 49. Kxb6 h5 50. Kc5 h4 51. gxh4 gxh4 52. Rd8 h3 53.
Rh8 Kg3 54. Kd4 h2 55. Ke3 Kg2 56. Rg8+ Kh1 57. Rc8 Kg2 58. Rc2+ Kg1 59. Kf4
h1=Q 60. Rc1+ Kg2 61. Rxh1 Kxh1 1/2-1/2